000 01070nam a2200265 a 4500
001 000028679
003 DO-SdBNP
005 20250509093515.0
008 110411s1992 dr ab r 000 0 spa d
040 _aDO-SdBNP
_bspa
_cBNPHU
082 _a343.076
_bS471s
111 2 _aSeminario de Legislación Agraria
_n(2 :
_d1991 :
_cSanto Domingo)
_955652
245 1 0 _aII seminario de Legislación Agraria /
_cintroducción Gustavo Adolfo Tavárez M.
260 _aSanto Domingo :
_bIAD,
_c1992.
300 _av, 186 p. :
_bil. ;
_c22 cm.
500 _aA la cabeza de la portada : Compendio de informaciones
504 _aBibliografía : p. 20
650 0 _aDerecho agrario
_xLegislación
_xCongresos, conferencias , etc.
_948256
650 4 _aAgricultura y estado
_xLegislación
_vCongresos, conferencias, etc.
_936241
650 7 _aAgricultura
_xAmerica latina
_vCongresos, conferencias, etc.
_2LEMB
_955655
700 1 2 _aTavárez M., Gustavo Adolfo
_955656
710 2 _aInstituto Agrario Dominicano
_937699
910 _aValidado. Control de calidad. MFF
942 _2ddc
_cLBS1
999 _c28171
_d28171